000 00441nam a22001697a 4500
003 UA-OsUOA
001 4671
007 ta
008 20050721b un ||||| |||| 00| 0 ukr d
100 _aФедоришин
700 _aО.П.
942 _cBK
040 _aUA-OsUOA
_cUA-OsUOA
_dUA-OsUOA
245 _aАнглійська мова. Практикум з наук-техн. перекладу.
_bTranslation
955 _a2
650 7 _2UDC
999 _c290833
_d290833